000 00960nam a2200229 a 4500
001 12766
003 CO-ViMGA
008 141112s2004 ck r 000 u spa d
040 _aCO-ViMGA
_bspa
_cCO-ViMGA
082 0 4 _a361.6109861 C65
110 _aBanco Mundial
_918481
245 1 0 _aColombia :
_bSocial Programs for the alleviation of poverty
260 _aWashington :
_bThe world Bank,
_c1996
300 _a88p. : il.
590 _aForma de adquisición : DONACION - - Precio : 10.000 - - Proveedor : BIBLIOTECA LUIS Ángel ARANGO - - Fecha de adquisición : 12 - 03 - 2001
650 1 4 _aASISTENCIA PUBLICA - COLOMBIA - 1987 - 1990 - INFORMES
_918482
650 1 4 _aBANCO MUNDIAL - COLOMBIA - INFORMES
_918483
650 1 4 _aCOLOMBIA - Política ECONOMICA - 1987 - 1990 - INFORMES
_918484
650 1 4 _aCOLOMBIA - Política SOCIAL - 1987 - 1660 - INFORMES
_918485
650 1 4 _aSALUD PUBLICA - COLOMBIA - 1987 - 1990 - INFORMES
_918486
942 _2ddc
_cBK
999 _c23710
_d23710